| 000 | 00811nam a2200253 4500 | ||
|---|---|---|---|
| 001 | 45078 | ||
| 010 | _a9789892506739 | ||
| 010 | _a9789892506357 | ||
| 021 | _b511619/23 | ||
| 090 | _a45078 | ||
| 100 | _a20230321d2023 m a0pory50030103ba | ||
| 101 | 0 | _apor | |
| 102 | _aPT | ||
| 200 | 1 |
_aO que nos dizem os censos sobre a habitacão _fInstituto Nacional de Estatística |
|
| 210 | 9 |
_aLisboa _cInstituto Nacional de Estatística, _dD.L. 2023 |
|
| 215 |
_a44 p. _d30 cm |
||
| 225 | 2 | _aCensos 2021 | |
| 675 | _a314.04(469) | ||
| 675 |
_a311.3(469)"2021" _vBN _zpor |
||
| 675 |
_a332.82(469)"2021"(083.4) _vBN _zpor |
||
| 710 | 0 | 1 |
_aPortugal. _bInstituto Nacional de Estatística |
| 801 | 0 |
_aPT _bBN _gRPC |
|
| 856 | 4 | 1 | _uhttp://rnod.bnportugal.gov.pt/ImagesBN/winlibimg.aspx?skey=&doc=2126907&img=177355&save=true |
| 990 | _cLIVROS | ||